| 000 | 00479nam a2200205Ia 4500 | ||
|---|---|---|---|
| 005 | 20240823042207.0 | ||
| 008 | 240823s9999||||xx |||||||||||||| ||und|| | ||
| 020 | _a81-29-2539-8 | ||
| 041 | _aENGLISH | ||
| 082 | _A530.12 Q0 | ||
| 100 | _aKamal Singh | ||
| 245 | 0 | _aElements of Quantum Mechanics | |
| 250 | _a1st | ||
| 260 |
_c2010 _bS Chand & Co |
||
| 500 | _aTRANSFERED | ||
| 650 |
_aMechanical _bMechanical |
||
| 700 | _a Singh S P | ||
| 942 | _cBK | ||
| 999 |
_c207296 _d207296 |
||